000 00693 a2200217 4500
005 20260327114057.0
008 260327b |||||||| |||| 00| 0 eng d
020 _a9789360626877 (pbk)
037 _cTB
040 _aCRL
_cCRL
041 _2URD
_aURD
084 _aO168,3N28:g R6
_bCRL
245 _aIbne Safi:
_bqareen ki nazar mein
260 _aNew Delhi, India:
_bEducational publishing house,
_c2026.
300 _a112p.
365 _b200.00
_cINR
650 _aUrdu Literature
650 _aUrdu Fiction
942 _cTB
_2CC
_hO168,3N28:g R6
999 _c1679642
_d1679642